| 000 | 00967nam0a22002891 4500 | ||
|---|---|---|---|
| 001 | RU\NLR\INFOCOMM_21\5000103466 | ||
| 005 | 20250613095637.0 | ||
| 035 | _a(NLR Aleph) 009301379 | ||
| 090 |
_a9281014 _c9281014 |
||
| 100 | _a20101030d1965 |||y0rusy50 ca | ||
| 101 | 0 | _aeng | |
| 102 | _aRU | ||
| 105 | _ay ||||000|y | ||
| 200 | 1 |
_aThe policy of non-alignment _fY. Etinger and O. Melikyan |
|
| 210 |
_aΜ. _c"Progress" _d1965 |
||
| 215 |
_a139, [5] с. _d20 см |
||
| 300 | _aНа обороте тит. л.: Я. Этингер, О. Меликян. Нейтрализм и современность | ||
| 686 |
_aИ1830 _2rubbk |
||
| 700 | 1 |
_9z01790 _aÉtinger _bJ. J. _gJakov Jakovlevič _4070 |
|
| 701 | 1 |
_9z02790 _aMelikjan _bO. N. _gOvanes Nagapetobič _4070 |
|
| 790 | 1 |
_9z01700 _aEtinger _bY. _4070 |
|
| 790 | 1 |
_9z02701 _aMelikyan _bO. _4070 |
|
| 801 | 1 |
_aRU _bNLR _c20101030 |
|
| 801 | 0 |
_aRU _bNLR _gPSBO |
|
| 852 |
_aNLR _jИ25 Г-3/406 |
||
| 942 | _cBOOK | ||
| 980 | _aNB | ||